000 00305nam a2200121 i 4500
001 bg
245 0 _aMolding of plastics :
_bencyklopedia reprints /
_ced. by Norbert M. Biskales.
260 _aNew York,
_c1971.
040 _cBPK
041 _apol
942 _cKS
008 s pl f |000 0 pol
999 _c9337
_d9337
856 _uhttp://koha.tu.koszalin.pl/cgi-bin/koha/opac-detail.pl?biblionumber=9337
_yKatalog online BPK